Normal view
MARC view
- الاسلام والغرب- تاريخ الحركات الفكرية عند المسلمين- رفاعة الطهطاوي
Entry Topical Term
001 - CONTROL NUMBER
- control field: 11315
003 - CONTROL NUMBER IDENTIFIER
- control field: JO-AjAnu
005 - DATE AND TIME OF LATEST TRANSACTION
- control field: 20230606072121.0
008 - FIXED-LENGTH DATA ELEMENTS
- fixed length control field: 230606|| aca||aabn | a|a d
040 ## - CATALOGING SOURCE
- Original cataloging agency: JO-AjAnu
- Transcribing agency: JO-AjAnu
150 ## - HEADING--TOPICAL TERM
- Topical term or geographic name entry element: الاسلام والغرب- تاريخ الحركات الفكرية عند المسلمين- رفاعة الطهطاوي
670 ## - SOURCE DATA FOUND
- Source citation: Work cat.: (JO-AjAnu)5827: سورمان، غي ، ترجمة: مرام المصري, author 11314, أبناء رفاعة الطهطاوي مسلمون وحداثيون